Nič nie je nesmrteľné, ani Plachý a jeho rekordy legendárny košický atlét je rád, že môže aspoň zrniečkom prispieť k rastu Repčíkovej výkonnosti

Bibliographic Details
Format: Article
Language:Slovak
PhysicalDescription:Obr.
ISSN:1336-5320
Subjects:

MARC

LEADER 00000nab a2200000 a 4500
001 vtls009211096
003 SK-MaSNL
005 20260303052907.0
008 080314 2008 xo r r 000 0 slo
038 |a KEVKJB 
040 |a KEVKJB  |b slo  |c KEVKJB  |e AACR2 
041 0 |a slo 
044 |a xo  |c SK 
080 |a 796.422-051  |2 2001 
080 |a 929 Plachý, Jozef  |2 2001 
245 0 0 |a Nič nie je nesmrteľné, ani Plachý a jeho rekordy  |b legendárny košický atlét je rád, že môže aspoň zrniečkom prispieť k rastu Repčíkovej výkonnosti  |c [autor] mat 
300 |b Obr. 
600 1 7 |a Plachý, Jozef,  |d 1949-  |2 kevkjb  |9 15822 
651 7 |a Košice (Slovensko)  |2 kevkjb  |9 18694 
651 7 |a Barca (Košice IV, Slovensko)  |2 kevkjb  |9 19218 
773 0 |t Košický večer  |g Roč. 19(40), č. 8 (22.2.2008), s.15  |x 1336-5320 
852 |a KEVKJB  |b KIS3GCP 
958 |a BX 
999 |c 1717025  |d 1718955